Birbirine Yakın Altı Başkent - Ankara - Statistics

General Stats
  • This quiz has been taken 203 times
  • The average score is 3 of 6
Answer Stats
km başkent % Correct
817 Atina
91%
854 Sofya
74%
774 Şam
70%
527 Lefkoşa
41%
751 Bükreş
19%
708 Beyrut
9%
No matching quizzes found
Score Distribution
Percent of People with Each Score
Percentile by Number Answered
Your Score History
You have not taken this quiz